Statistiques concernant Pokémon : 1ère génération (151 premiers et leur(s) type(s))

Cliquez ici pour prendre le quiz!

Statistiques générales

  • Ce quiz a été pris 61 fois
  • Le résultat moyen est 127 sur 151

Statistiques - réponses

#PokémonType 1Type 2% Correct
025PikachuELECTRIK/
100%
013AspicotINSECTEPOISON
98%
001bulbizarrePLANTEPOISON
98%
008CarabaffeEAU/
98%
007CarapuceEAU/
98%
010ChenipanINSECTE/
98%
014CoconfortINSECTEPOISON
98%
006DracaufeuFEUVOL
98%
003florizarrePLANTEPOISON
98%
002herbizarrePLANTEPOISON
98%
026RaichuELECTRIK/
98%
005ReptincelFEU/
98%
018RoucarnageNORMALVOL
98%
016RoucoolNORMALVOL
98%
017RoucoupsNORMALVOL
98%
004SalamècheFEU/
98%
009TortankEAU/
98%
144ArtikodinGLACEVOL
96%
066MachocCOMBAT/
96%
067MachopeurCOMBAT/
96%
068MackogneurCOMBAT/
96%
151MewPSY/
96%
034NidokingPOISONSOL
96%
031NidoqueenPOISONSOL
96%
029Nidoran ♀POISON/
96%
032Nidoran ♂POISON/
96%
021PiafabecNORMALVOL
96%
022RapasdepicNORMALVOL
96%
011ChrysacierINSECTE/
94%
015DardargnanINSECTEPOISON
94%
148DracoDRAGON/
94%
149DracolosseDRAGONVOL
94%
150MewtwoPSY/
94%
147MinidracoDRAGON/
94%
043MystherbePLANTEPOISON
94%
030NidorinaPOISON/
94%
033NidorinoPOISON/
94%
012PapilusionINSECTEVOL
94%
074RacaillouROCHESOL
94%
146SulfuraFEUVOL
94%
076GrolemROCHESOL
92%
019RattataNORMAL/
92%
020RattatacNORMAL/
92%
059ArcaninFEU/
90%
094EctoplasmaSPECTREPOISON
90%
075GravalanchROCHESOL
90%
106KickleeCOMBAT/
90%
081MagnétiELECTRIKACIER
90%
044OrtidePLANTEPOISON
90%
045RafflesiaPLANTEPOISON
90%
023AboPOISON/
88%
063AbraPSY/
88%
065AlakazamPSY/
88%
024ArbokPOISON/
88%
058CaninosFEU/
88%
145ÉlecthorELECTRIKVOL
88%
038FeunardFEU/
88%
037GoupixFEU/
88%
064KadabraPSY/
88%
126MagmarFEU/
88%
082MagnétonELECTRIKACIER
88%
036MélodelfeFEE/
88%
041NosferaptiPOISONVOL
88%
093SpectrumSPECTREPOISON
88%
050TaupiqueurSOL/
88%
051TriopikeurSOL/
88%
107TygnonCOMBAT/
88%
139AmonistarROCHEEAU
86%
134AqualiEAU/
86%
133ÉvoliNORMAL/
86%
092FantominusSPECTREPOISON
86%
140KabutoROCHEEAU
86%
035MéloféeFEE/
86%
095OnixROCHESOL
86%
142PtéraROCHEVOL
86%
060PtitardEAU/
86%
061TêtarteEAU/
86%
138AmonitaROCHEEAU
84%
125ÉlektekELECTRIK/
84%
071EmpiflorPLANTEPOISON
84%
040GrodoudouNORMALFEE
84%
141KabutopsROCHEEAU
84%
087LamantineEAUGLACE
84%
130LéviatorEAUVOL
84%
129MagicarpeEAU/
84%
042NosferaltoPOISONVOL
84%
136PyroliFEU/
84%
039RondoudouNORMALFEE
84%
120StariEAU/
84%
121StarossEAUPSY
84%
135VoltaliELECTRIK/
84%
100VoltorbeELECTRIK/
84%
069ChétiflorPLANTEPOISON
82%
078GalopaFEU/
82%
077PonytaFEU/
82%
143RonflexNORMAL/
82%
109SmogoPOISON/
82%
110SmogogoPOISON/
82%
072TentacoolEAUPOISON
82%
073TentacruelEAUPOISON
82%
070BoustiflorPLANTEPOISON
80%
101ElectrodeELECTRIK/
80%
086OtariaEAU/
80%
028SablaireauSOL/
80%
062TartardEAUCOMBAT
80%
049AéromiteINSECTEPOISON
78%
055AkwakwakEAU/
78%
123InsécateurINSECTEVOL
78%
124LippoutouGLACEPSY
78%
131LokhlassEAUGLACE
78%
052MiaoussNORMAL/
78%
053PersianNORMAL/
78%
054PsykokwakEAU/
78%
027SabeletteSOL/
78%
128TaurosNORMAL/
78%
089GrotadmorvPOISON/
76%
097HypnomadePSY/
76%
048MimitossINSECTEPOISON
76%
118PoissirèneEAU/
76%
088TadmorvPOISON/
76%
080FlagadossEAUPSY
75%
113LeveinardNORMAL/
75%
122M. MimePSYFEE
75%
046ParasINSECTEPLANTE
75%
047ParasectINSECTEPLANTE
75%
119PoissoroyEAU/
75%
079RamolossEAUPSY
75%
111RhinocorneSOLROCHE
75%
112RhinoférosSOLROCHE
75%
091CrustabriEAUGLACE
73%
057ColossingeCOMBAT/
71%
084DoduoNORMALVOL
71%
056FérosingeCOMBAT/
71%
090KokiyasEAU/
71%
103NoadkokoPLANTEPSY
71%
102NoeunoeufPLANTEPSY
71%
085DodrioNORMALVOL
69%
096SoporifikPSY/
69%
083CanartichoNORMALVOL
67%
108ExcelangueNORMAL/
65%
099KrabbossEAU/
65%
098KrabbyEAU/
65%
137PorygonNORMAL/
65%
127ScarabruteINSECTE/
65%
117HypocéanEAU/
63%
116HypotrempeEAU/
63%
114SaquedeneuPLANTE/
63%
105OssatueurSOL/
59%
104OsselaitSOL/
59%
115KangourexNORMAL/
57%
132MétamorphNORMAL/
53%

Distribution des résultats

Percentile par nombre de réponses

% des personnes avec chaque résultat

Votre développement - résultats

Vous n’avez pas pris ce quiz